<?xml version="1.0" encoding="UTF-8"?><marc:collection xmlns:marc="http://www.loc.gov/MARC21/slim">
  <marc:record>
    <marc:leader>03436cam a22005052c 4500</marc:leader>
    <marc:controlfield tag="001">1633975134</marc:controlfield>
    <marc:controlfield tag="003">DE-627</marc:controlfield>
    <marc:controlfield tag="005">20251225204104.0</marc:controlfield>
    <marc:controlfield tag="007">tu</marc:controlfield>
    <marc:controlfield tag="008">990113s1981    xx |||||      00| ||ger c</marc:controlfield>
    <marc:datafield tag="010" ind1=" " ind2=" ">
      <marc:subfield code="a">   80468305 </marc:subfield>
    </marc:datafield>
    <marc:datafield tag="020" ind1=" " ind2=" ">
      <marc:subfield code="a">3492024858</marc:subfield>
      <marc:subfield code="9">3-492-02485-8</marc:subfield>
    </marc:datafield>
    <marc:datafield tag="035" ind1=" " ind2=" ">
      <marc:subfield code="a">(DE-627)1633975134</marc:subfield>
    </marc:datafield>
    <marc:datafield tag="035" ind1=" " ind2=" ">
      <marc:subfield code="a">(DE-576)072181117</marc:subfield>
    </marc:datafield>
    <marc:datafield tag="035" ind1=" " ind2=" ">
      <marc:subfield code="a">(DE-599)BSZ072181117</marc:subfield>
    </marc:datafield>
    <marc:datafield tag="035" ind1=" " ind2=" ">
      <marc:subfield code="a">(OCoLC)06356863</marc:subfield>
    </marc:datafield>
    <marc:datafield tag="040" ind1=" " ind2=" ">
      <marc:subfield code="a">DE-627</marc:subfield>
      <marc:subfield code="b">ger</marc:subfield>
      <marc:subfield code="c">DE-627</marc:subfield>
      <marc:subfield code="e">rakwb</marc:subfield>
    </marc:datafield>
    <marc:datafield tag="041" ind1=" " ind2=" ">
      <marc:subfield code="a">ger</marc:subfield>
    </marc:datafield>
    <marc:datafield tag="082" ind1="0" ind2=" ">
      <marc:subfield code="a">952.04</marc:subfield>
    </marc:datafield>
    <marc:datafield tag="084" ind1=" " ind2=" ">
      <marc:subfield code="a">RR 73053</marc:subfield>
      <marc:subfield code="2">rvk</marc:subfield>
      <marc:subfield code="0">(DE-625)rvk/142454:12600</marc:subfield>
    </marc:datafield>
    <marc:datafield tag="084" ind1=" " ind2=" ">
      <marc:subfield code="a">MH 48000</marc:subfield>
      <marc:subfield code="2">rvk</marc:subfield>
      <marc:subfield code="0">(DE-625)rvk/122901:12034</marc:subfield>
    </marc:datafield>
    <marc:datafield tag="084" ind1=" " ind2=" ">
      <marc:subfield code="a">NQ 9020</marc:subfield>
      <marc:subfield code="2">rvk</marc:subfield>
      <marc:subfield code="0">(DE-625)rvk/129148:</marc:subfield>
    </marc:datafield>
    <marc:datafield tag="084" ind1=" " ind2=" ">
      <marc:subfield code="a">RR 73065</marc:subfield>
      <marc:subfield code="2">rvk</marc:subfield>
      <marc:subfield code="0">(DE-625)rvk/142454:12605</marc:subfield>
    </marc:datafield>
    <marc:datafield tag="084" ind1=" " ind2=" ">
      <marc:subfield code="a">RR 73012</marc:subfield>
      <marc:subfield code="2">rvk</marc:subfield>
      <marc:subfield code="0">(DE-625)rvk/142454:12583</marc:subfield>
    </marc:datafield>
    <marc:datafield tag="100" ind1="1" ind2=" ">
      <marc:subfield code="8">1\p</marc:subfield>
      <marc:subfield code="a">Dambmann, Gerhard</marc:subfield>
      <marc:subfield code="d">1927-2024</marc:subfield>
      <marc:subfield code="0">(DE-588)116019824</marc:subfield>
      <marc:subfield code="0">(DE-627)691690618</marc:subfield>
      <marc:subfield code="0">(DE-576)290148731</marc:subfield>
      <marc:subfield code="4">aut</marc:subfield>
    </marc:datafield>
    <marc:datafield tag="245" ind1="1" ind2="6">
      <marc:subfield code="a">25mal [Fuenfundzwanzigmal] Japan</marc:subfield>
      <marc:subfield code="b">Weltmacht als Einzelgänger</marc:subfield>
      <marc:subfield code="c">Gerhard Dambmann</marc:subfield>
    </marc:datafield>
    <marc:datafield tag="246" ind1="3" ind2="0">
      <marc:subfield code="a">25mal</marc:subfield>
    </marc:datafield>
    <marc:datafield tag="250" ind1=" " ind2=" ">
      <marc:subfield code="a">2. Aufl.</marc:subfield>
    </marc:datafield>
    <marc:datafield tag="264" ind1=" " ind2="1">
      <marc:subfield code="a">München [u.a.]</marc:subfield>
      <marc:subfield code="b">Piper</marc:subfield>
      <marc:subfield code="c">1981</marc:subfield>
    </marc:datafield>
    <marc:datafield tag="300" ind1=" " ind2=" ">
      <marc:subfield code="a">337 S.</marc:subfield>
      <marc:subfield code="b">Ill.</marc:subfield>
    </marc:datafield>
    <marc:datafield tag="336" ind1=" " ind2=" ">
      <marc:subfield code="a">Text</marc:subfield>
      <marc:subfield code="b">txt</marc:subfield>
      <marc:subfield code="2">rdacontent</marc:subfield>
    </marc:datafield>
    <marc:datafield tag="337" ind1=" " ind2=" ">
      <marc:subfield code="a">ohne Hilfsmittel zu benutzen</marc:subfield>
      <marc:subfield code="b">n</marc:subfield>
      <marc:subfield code="2">rdamedia</marc:subfield>
    </marc:datafield>
    <marc:datafield tag="338" ind1=" " ind2=" ">
      <marc:subfield code="a">Band</marc:subfield>
      <marc:subfield code="b">nc</marc:subfield>
      <marc:subfield code="2">rdacarrier</marc:subfield>
    </marc:datafield>
    <marc:datafield tag="490" ind1="0" ind2=" ">
      <marc:subfield code="a">Piper-Panoramen der Welt</marc:subfield>
    </marc:datafield>
    <marc:datafield tag="583" ind1="1" ind2=" ">
      <marc:subfield code="a">Archivierung prüfen</marc:subfield>
      <marc:subfield code="c">20200919</marc:subfield>
      <marc:subfield code="f">DE-640</marc:subfield>
      <marc:subfield code="z">1</marc:subfield>
      <marc:subfield code="2">pdager</marc:subfield>
    </marc:datafield>
    <marc:datafield tag="883" ind1=" " ind2=" ">
      <marc:subfield code="8">1\p</marc:subfield>
      <marc:subfield code="a">cgwrk</marc:subfield>
      <marc:subfield code="d">20241001</marc:subfield>
      <marc:subfield code="q">DE-101</marc:subfield>
      <marc:subfield code="u">https://d-nb.info/provenance/plan#cgwrk</marc:subfield>
    </marc:datafield>
    <marc:datafield tag="889" ind1=" " ind2=" ">
      <marc:subfield code="w">(DE-576)482074078</marc:subfield>
    </marc:datafield>
    <marc:datafield tag="924" ind1="0" ind2=" ">
      <marc:subfield code="a">3288336324</marc:subfield>
      <marc:subfield code="b">DE-Lg1</marc:subfield>
      <marc:subfield code="9">Lg 1</marc:subfield>
      <marc:subfield code="c">BSZ</marc:subfield>
      <marc:subfield code="d">c</marc:subfield>
      <marc:subfield code="g">Erd 3ed Dam</marc:subfield>
    </marc:datafield>
    <marc:datafield tag="924" ind1="0" ind2=" ">
      <marc:subfield code="a">3288336421</marc:subfield>
      <marc:subfield code="b">DE-Bo151</marc:subfield>
      <marc:subfield code="9">Bo 151</marc:subfield>
      <marc:subfield code="c">BSZ</marc:subfield>
      <marc:subfield code="d">d</marc:subfield>
      <marc:subfield code="g">MH 48000 1982.118</marc:subfield>
      <marc:subfield code="h">Raum 3.260</marc:subfield>
    </marc:datafield>
    <marc:datafield tag="936" ind1="r" ind2="v">
      <marc:subfield code="a">RR 73053</marc:subfield>
      <marc:subfield code="b">zur Länderkunde</marc:subfield>
      <marc:subfield code="k">Geografie</marc:subfield>
      <marc:subfield code="k">Regionale Geografie</marc:subfield>
      <marc:subfield code="k">Asien (ohne GUS)</marc:subfield>
      <marc:subfield code="k">Ostasien</marc:subfield>
      <marc:subfield code="k">Japan</marc:subfield>
      <marc:subfield code="k">Unterlagen für die gesamte Geografie</marc:subfield>
      <marc:subfield code="k">Hand-, Lehr- und Schulbücher sowie Sammelwerke zur Gesamtgeografie oder zu größeren Teilgebieten</marc:subfield>
      <marc:subfield code="k">Hand- (und Lehr)bücher der gesamten Geografie (oder größerer Teil- gebiete)</marc:subfield>
      <marc:subfield code="k">zur Länderkunde</marc:subfield>
      <marc:subfield code="0">(DE-627)1271526336</marc:subfield>
      <marc:subfield code="0">(DE-625)rvk/142454:12600</marc:subfield>
      <marc:subfield code="0">(DE-576)201526336</marc:subfield>
    </marc:datafield>
    <marc:datafield tag="936" ind1="r" ind2="v">
      <marc:subfield code="a">MH 48000</marc:subfield>
      <marc:subfield code="b">Allgemeines</marc:subfield>
      <marc:subfield code="k">Politologie</marc:subfield>
      <marc:subfield code="k">Politische Systeme einzelner Länder</marc:subfield>
      <marc:subfield code="k">Asien, Naher Osten</marc:subfield>
      <marc:subfield code="k">Ostasien</marc:subfield>
      <marc:subfield code="k">Japan</marc:subfield>
      <marc:subfield code="k">Politisches System (insgesamt)</marc:subfield>
      <marc:subfield code="k">Allgemeines</marc:subfield>
      <marc:subfield code="0">(DE-627)1271025825</marc:subfield>
      <marc:subfield code="0">(DE-625)rvk/122901:12034</marc:subfield>
      <marc:subfield code="0">(DE-576)201025825</marc:subfield>
    </marc:datafield>
    <marc:datafield tag="936" ind1="r" ind2="v">
      <marc:subfield code="a">NQ 9020</marc:subfield>
      <marc:subfield code="b">Japan, Darstellungen</marc:subfield>
      <marc:subfield code="k">Geschichte</marc:subfield>
      <marc:subfield code="k">Geschichte seit 1918</marc:subfield>
      <marc:subfield code="k">Geschichte auswärtiger Staaten seit 1945</marc:subfield>
      <marc:subfield code="k">Ferner Osten</marc:subfield>
      <marc:subfield code="k">Japan, Darstellungen</marc:subfield>
      <marc:subfield code="0">(DE-627)1271029413</marc:subfield>
      <marc:subfield code="0">(DE-625)rvk/129148:</marc:subfield>
      <marc:subfield code="0">(DE-576)201029413</marc:subfield>
    </marc:datafield>
    <marc:datafield tag="936" ind1="r" ind2="v">
      <marc:subfield code="a">RR 73065</marc:subfield>
      <marc:subfield code="b">allgemeiner geografischer Art</marc:subfield>
      <marc:subfield code="k">Geografie</marc:subfield>
      <marc:subfield code="k">Regionale Geografie</marc:subfield>
      <marc:subfield code="k">Asien (ohne GUS)</marc:subfield>
      <marc:subfield code="k">Ostasien</marc:subfield>
      <marc:subfield code="k">Japan</marc:subfield>
      <marc:subfield code="k">Unterlagen für die gesamte Geografie</marc:subfield>
      <marc:subfield code="k">Hand-, Lehr- und Schulbücher sowie Sammelwerke zur Gesamtgeografie oder zu größeren Teilgebieten</marc:subfield>
      <marc:subfield code="k">Sammelwerke</marc:subfield>
      <marc:subfield code="k">allgemeiner geografischer Art</marc:subfield>
      <marc:subfield code="0">(DE-627)1271873303</marc:subfield>
      <marc:subfield code="0">(DE-625)rvk/142454:12605</marc:subfield>
      <marc:subfield code="0">(DE-576)201873303</marc:subfield>
    </marc:datafield>
    <marc:datafield tag="936" ind1="r" ind2="v">
      <marc:subfield code="a">RR 73012</marc:subfield>
      <marc:subfield code="b">Allgemeine Reiseführer (in geschlossenen größeren Reihen sowie solche mit mehreren Fachrichtungen; z.B. historisch-kunsthistorische Führer, geologisch-botanische Wanderführer u.ä.)</marc:subfield>
      <marc:subfield code="k">Geografie</marc:subfield>
      <marc:subfield code="k">Regionale Geografie</marc:subfield>
      <marc:subfield code="k">Asien (ohne GUS)</marc:subfield>
      <marc:subfield code="k">Ostasien</marc:subfield>
      <marc:subfield code="k">Japan</marc:subfield>
      <marc:subfield code="k">Unterlagen für die gesamte Geografie</marc:subfield>
      <marc:subfield code="k">Bibliografien und Nachschlagewerke</marc:subfield>
      <marc:subfield code="k">Allgemeine Reiseführer (in geschlossenen größeren Reihen sowie solche mit mehreren Fachrichtungen; z.B. historisch-kunsthistorische Führer, geologisch-botanische Wanderführer u.ä.)</marc:subfield>
      <marc:subfield code="0">(DE-627)1270769677</marc:subfield>
      <marc:subfield code="0">(DE-625)rvk/142454:12583</marc:subfield>
      <marc:subfield code="0">(DE-576)200769677</marc:subfield>
    </marc:datafield>
    <marc:datafield tag="951" ind1=" " ind2=" ">
      <marc:subfield code="a">BO</marc:subfield>
    </marc:datafield>
  </marc:record>
</marc:collection>
